Responses for show #7341 - Monday, July 11, 2016

Contestants

Katie Pieper, a Ph.D. student from Athens, Georgia

Jason George, a management consultant originally from Philadelphia, Pennsylvania

Pam Platt, a writer and editor from Louisville, Kentucky (whose 1-day cash winnings total $27,600)

Jeopardy! Round responses

SIGNATURES
LIT-POURRI
BORN IN CONNECTICUT
RED RHYME
(Alex: Each correct response will rhyme with the word "red".)
ROCKS
ROLES
    $200 23
the Secretary of the Treasury

Jason
    $200 16
London

Pam
    $200 29
(Pam: Who is Guy--oh, never mind.)

Benedict Arnold

PamKatie
    $200 7
bed

Katie
    $200 12
Hitchcock

Jason
    $200 1
Renée Zellweger

Jason
    $400 22
a calligrapher

Jason
    $400 17
(Hester) Prynne

Jason
    $400 28
Barnum

Pam
    $400 8
wed

Katie
    $400 27
(Jason: What is Oregon?)

California

Jason
Triple Stumper
    $400 26
Daniel Craig

Jason
    $600 15
Grauman's Chinese Theatre (Mann's Chineese Theater accepted)

Pam
    $2,000 24
(Jason: What is the Odyssey?)

the Aeneid

Jason
    $600 25
(Noah) Webster

Pam
    $600 9
tread

Katie
    $600 13
Neil Diamond

Pam
    $600 20
Wesley Snipes

Jason
    $800 4
Nostradamus

Jason
    $800 18
(Pam: Who is Roald Dahl?)

Franz Kafka

Pam
Triple Stumper
    $800 19
Colt

Jason
    $800 6
pled

Katie
    $800 11
Bombay

Katie
    $800 2
Meryl Streep

Jason
    $1000 5
James Whistler

Triple Stumper
    $1000 30
Colette

Pam
    $1000 21
(Charles) Tiffany

Jason
    $1000 10
stead

Jason
    $1000 14
a flint

Jason
    $1000 3
(Pam: Who is Fess Parker?)

John Wayne

Pam
Triple Stumper

Scores at the first commercial break (after clue 15):

Pam Jason Katie
$200 $4,000 $2,800

Scores at the end of the Jeopardy! Round:

Pam Jason Katie
$1,400 $5,400 $3,000

Double Jeopardy! Round responses

HI, JULY!
NO. 2 ON THE CHARTS
PERIODIC SPELLING
KIND OF A GREY AREA
ROADS SCHOLAR
(Alex: Notice the spelling there.)
THAT'S B_S!
(Alex: Each correct response will begin with a "B" and end with an "S".)
    $400 2
ZIP codes

Katie
    $400 29
the Allman Brothers

Katie
    $400 24
Frau

Pam
    $400 19
hurricanes

Katie
    $400 18
Ben Franklin

Jason
    $400 10
biceps

Jason
    $2,000 3
Spain

Katie
    $800 30
"Yellow Submarine"

Pam
    $800 23
curb

Jason
    $800 20
Grey's Anatomy

Jason
    $800 17
Interstate 80

Triple Stumper
    $800 9
bogus

Katie
    $1200 1
David Spade

Katie
    $1200 22
Kanye

Jason
    $1200 12
clash

Jason
    $1200 21
Zane Grey

Pam
    $3,000 16
(Pam: [Sighs] Um... What are... Nepal and Tibet?)

Pakistan & China

Pam
    $1200 8
Bacchus

Pam
    $1600 4
the Jehovah's Witnesses

Katie
    $1600 25
(Katie: Who is Idina Menzel?)

Madonna

Katie
Triple Stumper
    $1600 11
wag

Jason
    $1600 28
(Lady) Jane Grey

Jason
    $1600 14
U.S. 1

Pam
    $1600 6
bronchitis

Pam
    $2000 5
Bacon's Rebellion

Jason
    $2000 26
Lionel Richie

Pam
    $2000 13
Snark

Triple Stumper
    $2000 27
a greyhound

Jason
    $2000 15
the Burma Road

Triple Stumper
    $2000 7
ballistics

Pam

Scores at the end of the Double Jeopardy! Round:

Pam Jason Katie
$9,200 $17,400 $8,200

[wagering suggestions for these scores]

Final Jeopardy! Round responses

SHAKESPEARE
KatieWhat is As You Like It?
$8,199
PamWhat is As You Like It?
$200
JasonWhat is As You Like It?
$1,001
As You Like It

Final scores:

Pam Jason Katie
$9,400 $18,401 $16,399
3rd place: $1,000 New champion: $18,401 2nd place: $2,000

Game dynamics:

Coryat scores:

Pam Jason Katie
$12,200 $19,400 $7,000
14 R,
4 W
(including 1 DD)
23 R,
2 W
(including 1 DD)
13 R
(including 1 DD),
1 W

Combined Coryat: $38,600

The J! Archive is created by fans, for fans. The Jeopardy! game show and all elements thereof, including but not limited to copyright and trademark thereto, are the property of Jeopardy Productions, Inc. and are protected under law. This website is not affiliated with, sponsored by, or operated by Jeopardy Productions, Inc. Join the discussion at JBoard.tv.